00863nam a2200157Ia 4500008004100000020002200041050002200063245015700085260004100242300001800283650012100301700004200422952011200464952011200576999001700688120626s9999 xx 000 0 und d a978-84-458-1087-3 aC RC455.2C4 D5318 aDSM-IV-TR . Manual diagnóstico y estadístico de los trastornos mentales / trs. de la edición española, Tomás de Flores i Formenti ...[et al.] aBarcelona; España: Elsevier Masson aXXXV, 1049 p. a1. ENFERMEDADES MENTALES -- DIAGNOSTICO -- ESTUDIO DE CASOS 2. ENFERMEDADES MENTALES -- CLASIFICACION --ESTADISTICA aFlores i Formenti, Tomás de, tr.Ì 00104070a09b09d2011-01-17l26oC RC455.2C4 D5318p09 003869r2019-04-04s2019-04-04t1w2012-06-26yLB 00104070a09b09d2011-12-30l52oC RC455.2C4 D5318p09 004317r2019-08-22s2019-08-22t2w2012-06-26yLB c64666d64666